| 000 | 00856nam a2200277 a 4500 | ||
|---|---|---|---|
| 001 | 000046710 | ||
| 003 | DO-SdBNP | ||
| 005 | 20221124085150.0 | ||
| 007 | ta | ||
| 008 | 180320s200? dr a 000 0 spa d | ||
| 020 | _a9789945899221 | ||
| 040 |
_aDO-SdBNP _bspa _cBNPHU |
||
| 082 |
_axxxx _bP153 _222 |
||
| 100 | _929568 | ||
| 245 | 1 | 0 |
_aPalabras que cuentan nuestras historias : _btíteres acompañando los procesos de la lectura y la escritura / _cDaniel E. Pozo Burgos, Miosotis Hernández, Orlin Sánchez |
| 260 |
_aSanto Domingo : _bMINERD, _c200?. |
||
| 300 |
_a47 p. : _bil., ; _c28 cm. |
||
| 490 | 1 |
_aSerie primeros grados ; _v8 |
|
| 590 | _aInventariado, 2022 / DG | ||
| 700 |
_aHernández, Miosotis _eautor _982865 |
||
| 700 |
_aSánchez, Orlin _eautor _982866 |
||
| 710 | _943100 | ||
| 830 | 0 | _974657 | |
| 910 | _aDG | ||
| 942 |
_2ddc _cLF2 |
||
| 999 |
_c52995 _d52995 |
||